| 000 | 01021nab a22002297a 4500 | ||
|---|---|---|---|
| 999 |
_c6009 _d6009 |
||
| 003 | OSt | ||
| 005 | 20260116165149.0 | ||
| 008 | 190605e xxu||||| |||| 00| 0 spa d | ||
| 040 | _cPJ | ||
| 100 |
_96169 _aMosquera, Gerardo Raúl |
||
| 245 | 1 | 0 |
_aDe la reparación a la prevención. Reconfigurando el derecho laboral en favor del trabajador / _cGerardo R. Mosquera. |
| 260 |
_aCiudad Autónoma de Buenos Aires : _bThomson Reuters La Ley, _c2025. |
||
| 300 | _ap. 50-63 | ||
| 500 | _aCita Online: Cita: TR LALEY AR/DOC/862/2025. | ||
| 505 |
_t
_aSumario: I. Introducción.— II. Desarrollo.— III. Conclusiones.— IV. Bibliografía. |
||
| 505 | _t¿Te interesa el texto completo? Solicitalo al correo: koha@justierradelfuego.gov.ar | ||
| 650 | 0 |
_91316 _aDERECHO LABORAL |
|
| 650 | 0 |
_91570 _aDERECHOS DEL TRABAJADOR |
|
| 650 | 0 | _aPREVISIBILIDAD | |
| 773 | 0 |
_02711 _93168 _dCiudad Autónoma de Buenos Aires : Thomson Reuters La Ley, 1999-2002. _tRevista de derecho del trabajo. Nº 3 - Mayo 2025 |
|
| 942 |
_2udc _cANA |
||